| 000 | 01023nac a22003137a 4500 | ||
|---|---|---|---|
| 001 | BR7500838 | ||
| 003 | BR-BrBNA | ||
| 005 | 20240105113835.0 | ||
| 008 | 230509b bl.|||m| |||| 00| 0 por d | ||
| 040 |
_aBR-BrBNA _bpor _cBiblioteca Nacional de Agricultura |
||
| 072 | _aM10 | ||
| 090 | _a8150 BR7500838 | ||
| 110 | 1 |
_aPrograma de Pesquisa e Desenvolvimento Pesqueiro do Brasil, Brasilia, DF _97975 |
|
| 245 | 1 | _aNavio de pesquisa Riobaldo. Mapas de bordo [Peixe marinho; Crustaceo; Molusco; Captura; Bahia; Sergipe; Espirito Santo; Brasil] | |
| 260 | 3 |
_aBrasilia, DF (Brasil): _c1975. |
|
| 300 | _a35 p. | ||
| 490 |
_aNavio de Pesquisa Riobaldo. Mapas de Bordo (Brazil) _vno. 6 _x |
||
| 500 | _aNumerical data; Summaries (En, Pt) | ||
| 650 | _aProducao pesqueira | ||
| 650 | _aPeixe | ||
| 650 | _aMolusco | ||
| 650 | _aCrustaceo | ||
| 650 | _aCaptura | ||
| 650 | _aBahia | ||
| 650 | _aSergipe | ||
| 650 | _aEspirito Santo | ||
| 909 |
_a202312 _bLúcia Elande _c55 _dLúcia Elande |
||
| 942 |
_2AGRIS _n0 _cMS |
||
| 999 |
_c265886 _d265886 |
||